书目信息 |
| 题名: |
热结构分析有限元程序设计
|
|
| 作者: | 陆山 编著 | |
| 分册: | ||
| 出版信息: | 西安 西北工业大学出版社 2003 |
|
| 页数: | 166页 | |
| 开本: | 26cm | |
| 丛书名: | 高等学校教材 | |
| 单 册: | ||
| 中图分类: | O414.1-43 | |
| 科图分类: | ||
| 主题词: | 热应力--re ying li--结构分析--有限元法--程序设计--高等学校--教材 , 热应力--re ying li , 有限元法--you xian yuan fa , 程序设计--cheng xu she ji , 结构分析--jie gou fen xi | |
| 电子资源: | ||
| ISBN: | 7-5612-1632-7 | |
| 000 | 01236nam 2200313 450 | |
| 001 | CAL 012006098463 | |
| 005 | 20061027150358.43 | |
| 010 | @a7-5612-1632-7@dCNY14.00 | |
| 099 | @aCAL 012006098463 | |
| 100 | @a20060909d2003 em y0chiy0120 ea | |
| 101 | 0 | @achi |
| 102 | @aCN@b610000 | |
| 105 | @ay a 000yy | |
| 200 | 1 | @a热结构分析有限元程序设计@Are jie gou fen xi you xian yuan cheng xu she ji@f陆山编著 |
| 210 | @a西安@c西北工业大学出版社@d2003 | |
| 215 | @a166页@d26cm | |
| 225 | 2 | @a高等学校教材@Agao deng xue xiao jiao cai@i电子信息系列@d= Electronic information@zeng |
| 320 | @a附参考文献 | |
| 330 | @a本书较系统地介绍了结构化程序设计技术、平面结构网格自动生成技术、二维及轴对称结构稳态温度场及热弹性问题分析有限元法公式、有限元总体方程组求解波前法及其有限元程序的框图和程序设计技术, 并配有完整的源程序。 | |
| 410 | 0 | @12001 @a高等学校教材@i电子信息系列 |
| 606 | 0 | @a热应力@Are ying li@x结构分析@x有限元法@x程序设计@x高等学校@j教材 |
| 606 | 0 | @a热应力@Are ying li |
| 606 | 0 | @a有限元法@Ayou xian yuan fa |
| 606 | 0 | @a程序设计@Acheng xu she ji |
| 606 | 0 | @a结构分析@Ajie gou fen xi |
| 690 | @aO414.1-43@v4 | |
| 701 | 0 | @a陆山@Alu shan@4编著 |
| 801 | 0 | @aCN@c20061027 |
| 905 | @a10447@dO414.1-43@eL855 | |
| 热结构分析有限元程序设计/陆山编著.-西安:西北工业大学出版社,2003 |
| 166页;26cm.-(高等学校教材.电子信息系列= Electronic information) |
| ISBN 7-5612-1632-7:CNY14.00 |
| 本书较系统地介绍了结构化程序设计技术、平面结构网格自动生成技术、二维及轴对称结构稳态温度场及热弹性问题分析有限元法公式、有限元总体方程组求解波前法及其有限元程序的框图和程序设计技术, 并配有完整的源程序。 |
| ● |
| 相关链接 |
|
|
|
正题名:热结构分析有限元程序设计
索取号:O414.1-43/L855
 
预约/预借
| 序号 | 登录号 | 条形码 | 馆藏地/架位号 | 状态 | 备注 |
| 1 | 631666 | 206316663 | 自科库401/401自科库 87排1列4层/ [索取号:O414.1-43/L855] | 在馆 | |
| 2 | 631667 | 206316672 | 自科库401/401自科库 87排1列4层/ [索取号:O414.1-43/L855] | 在馆 | |
| 3 | 631668 | 206316681 | 自科库401/401自科库 87排1列4层/ [索取号:O414.1-43/L855] | 在馆 |